Didaktická hra jako jedna zmožností rozvoje komunikativní kompetence žáků mladšího školního věku

Bibliographic Details
Main Authors: Zouharová, Marie, 1953- (Author), Bartoňová, Jana (Author)
Format: Article
Language:Czech
PhysicalDescription:Obr.
ISBN:9788080689728
Subjects:

MARC

LEADER 00000nab a2200000 a 4500
001 vtls010310068
003 SK-MaSNL
005 20260304171049.0
008 110909c2009 xo r m 000 00cze
015 |a SNBRA2011/09SVKPO 
038 |a SVKPO 
040 |a SVKPOCL  |b slo  |c SVKPOCL  |e AACR2 
041 0 |a cze 
044 |a xo  |c SK 
080 |a 811.162.3:372.46  |2 2001 
080 |a 81'242  |2 2001 
080 |a 372.46  |2 2001 
080 |a 371.3  |2 2001 
080 |a 371.382  |2 2001 
100 1 |a Zouharová, Marie,  |d 1953-  |4 aut  |9 224366 
245 1 0 |a Didaktická hra jako jedna zmožností rozvoje komunikativní kompetence žáků mladšího školního věku  |c Marie Zouharová, Jana Bartoňová 
300 |a Obr. 
504 |a Bibliogr. odkazy 
546 |a Res. angl. 
650 0 7 |a čeština  |2 svkpocl  |9 1319 
650 0 7 |a materinský jazyk  |2 svkpocl  |9 1366 
650 0 7 |a didaktické hry  |2 svkpocl  |9 63297 
650 0 7 |a deti mladšieho školského veku  |2 svkpocl  |9 334611 
650 0 7 |a základné školy (1.-4. roč.)  |2 svkpocl  |9 770489 
700 1 |a Bartoňová, Jana  |4 aut  |9 1156887 
773 0 |t Slovo o slove : zborník Katedry komunikačnej a literárnej výchovy Pedagogickej fakulty Prešovskej univerzity / Ľudmila Liptáková, Katarína Vužňáková, Radoslav Rusňák (eds.) Roč. 15  |d Prešov : Prešovská univerzita, Pedagogická fakulta, Katedra komunikačnej a literárnej výchovy, 2009  |g S. 240-247  |z 9788080689728 
852 |a SVKPO  |b KIS3GCP 
958 |a SK 
958 |a NB 
958 |a CZ 
999 |c 2991327  |d 2993257